000 00831nam a2200253Ia 4500
003 OSt
005 20220927110710.0
006 a|||||r|||| 00| 0
007 ta
008 220926b |||||||| |||| 00| 0 eng d
024 _a92382
037 _cReports
040 _aRTL
_cRTL
_beng
041 _2eng
_aeng
082 _a"X9(D415,35):531.2.N30t, G1"
110 _a"India, Government of.... Tariff (Board of...)"
_9379827
245 0 _a"Report on steel rails, including the evidence reco"
260 _aCalcutta
_bCentral Publication Branch India
_c1931
300 _a28p.
_ccm.
650 _aRail Road Transport Industry
_9379828
700 _a"India, Government of.... Tariff (Board of...)"
_9379829
942 _h"X9(D415,35):531.2.N30t, G1"
_cCC
999 _c697656
_d697656